000 00258nam a22001097a 4500
008 180806b xxu||||| |||| 00| 0 eng d
082 _a813.52
245 _aPartical computer literacy
_cParsons and Oja
260 _c2004
300 _a3
_fCD
942 _2ddc
_cMX
999 _c46835
_d46835